01478cam a2200349 4500001001300000003000400013005001700017008004100034010001700075025002000092040002300112050002000135082001500155100004600170245005800216250002300274260004900297300004400346350001600390500005900406500007200465500010200537500003200639500010400671500005900775504003100834505013100865650003900996700004201035700003401077999001701111sa 68012263 DLC20260227112608.0691117r19671956ii b b 001 0 eng  asa 68012263  aPL480:I-E-10306 aDLCcDLCdICUdDLC00aQK358b.G3 196700a581.954/821 aGamble, J. S.q(James Sykes),d1847-1925.10aFlora of the Presidency of Madrasc[by] J. S. Gamble. a[2d reprinted ed.] aCalcutta,bBotanical Survey of Indiac[1967] a3 v. (lii, 1389 p.)bfold. map.c22 cm. a36.50 (set) aOriginally issued in 11 pts., 1915-36, reprinted 1956. aContains title pages of each of the 11 pts. of the 1956 reprint ed. a"The draft of the botanical portion of about the first 132 pages was prepared by Mr. S. T. Dunn." aVol. 3 by C. E. C. Fischer. aExplanatory notes appeared in the Kew bulletins for 1916, 1918, 1920, 1921, 1924, 1928, 1931, 1935. a"Reprinted under the authority of the Govt. of India." aBibliographical footnotes.0 av. 1. Ranunculaceae to Caprifoliaceae.--v. 2. Rubiaceae to Euphorbiaceae.--v. 3. Ulmaceae to Gramineae. Addenda, indexes, etc. 0aBotanyzIndiazMadras (Presidency)1 aDunn, S. T.q(Stephen Troyte),d1868-1 aFischer, Cecil Ernest Claude. c84428d84428